[Event "Challenge"]
[Site "http://www.queenalice.com/game.php?id=1813045"]
[Date "2023.6.3"]
[Round "-"]
[White "milan15fc"]
[Black "cyrano"]
[Result "1-0"]
[WhiteElo "1472"]
[BlackElo "1462"]

1. e3 d5 2. Qf3 e6 3. Qf4 h6 4. Qa4+ c6 5. Qf4 Bd6 6. Qg4 g5 7. Qd4 e5 8. Qd3 e4
9. Qd4 Nf6 10. b3 c5 11. Qa4+ Bd7 12. Qa3 b5 13. c4 O-O 14. cxb5 Be5 15. Bb2
Bxb2 16. Qxb2 a6 17. bxa6 Nxa6 18. Qc3 Nb4 19. Na3 Rxa3 20. Qxc5 Nd3+ 21. Bxd3
Ra5 22. Qc3 Ra3 23. Qb4 Ra5 24. Ne2 exd3 25. Nd4 Ne4 26. f3 Nf6 27. Qc3 Bb5 28.
Nxb5 Rxb5 29. Qxd3 Qd7 30. O-O g4 31. Qe2 d4 32. a4 Rxb3 33. a5 h5 34. a6 Re8
35. a7 Ra8 36. fxg4 Nxg4 37. Qf3 Rxa7 38. Rxa7 Qxa7 39. h3 Ne5 40. Qxh5 Ng6 41.
Qd5 Rb7 42. exd4 Rd7 43. Qb3 Qxd4+ 44. Rf2 Nf4 45. Qg3+ Ng6 46. Kh2 Kg7 47. Qf3
Qe5+ 48. g3 Kf8 49. Re2 Qb5 50. h4 Qb8 51. Qg4 Ne5 52. Qh5 Ng6 53. Qf5 Qd6 54.
Qe4 Rd8 55. Qf3 Nxh4 56. Qh5 Nf3+ 57. Qxf3 Qh6+ 58. Kg2 Qg6 59. Qe3 Qc6+ 60. Kh2
Qb5 61. Qf3 Rc8 62. Rf2 Qd7 63. g4 Qd6+ 64. Kg2 Rc2 65. Qxf7# 1-0

[Event "Challenge"]
[Site "http://www.queenalice.com/game.php?id=1813046"]
[Date "2023.6.3"]
[Round "-"]
[White "milan15fc"]
[Black "cyrano"]
[Result "1-0"]
[WhiteElo "1450"]
[BlackElo "1487"]

1. e3 e5 2. Qf3 g5 3. Qf5 Nh6 4. Qxe5+ Qe7 5. Qxh8 d5 6. Qxh7 Bf5 7. Qh8 Nc6 8.
Qc3 a5 9. Bb5 O-O-O 10. Bxc6 bxc6 11. Qxa5 d4 12. Qa6+ Kd7 13. Qc4 dxe3 14. dxe3
Be6 15. Qd4+ Bd5 16. f3 Nf5 17. Qd3 Qe6 18. c4 Bb4+ 19. Bd2 Bd6 20. cxd5 cxd5
21. Nc3 c6 22. e4 Nh4 23. g3 Ng2+ 24. Kf2 dxe4 25. Nxe4 Kc7 26. Nxg5 Qd5 27.
Qxd5 cxd5 28. Nxf7 Rd7 29. Nxd6 Kxd6 30. Kxg2 Rc7 31. Bf4+ Kd7 32. Bxc7 Kxc7 33.
Nh3 Kc6 34. Rac1+ Kd6 35. a4 d4 36. b4 d3 37. b5 d2 38. Rc2 d1=Q 39. Rxd1+ Ke5
40. a5 Kf5 41. b6 Ke6 42. a6 Kf5 43. b7 Kf6 44. b8=Q Kf5 45. a7 Ke6 46. a8=Q Kf5
47. Qf4+ Kg6 48. Qg8+ Kh5 49. Qgg5# 1-0

[Event "Challenge"]
[Site "http://www.queenalice.com/game.php?id=1814392"]
[Date "2023.6.20"]
[Round "-"]
[White "milan15fc"]
[Black "cyrano"]
[Result "0-1"]
[WhiteElo "1493"]
[BlackElo "1467"]

1. e3 e5 2. Qf3 d5 3. Bb5+ c6 4. Be2 h5 5. Qg3 Nd7 6. b3 a5 7. Bb2 a4 8. Bxe5
Nxe5 9. Qxe5+ Ne7 10. c3 f6 11. Qg3 g5 12. h4 Nf5 13. Qh2 axb3 14. axb3 Rxa1 15.
Bd1 Rxb1 16. Ne2 Qa5 17. O-O Qa1 18. Ng3 Rxd1 19. Rxd1 Qxd1+ 20. Nf1 b6 21. Qc7
Bd7 22. Qxb6 Nxh4 23. Qb8+ Kf7 24. Qg3 Be7 25. Qc7 Qg4 26. Ng3 Qd1+ 27. Nf1 Qg4
28. Ng3 Qd1+ 29. Nf1 Bg4 30. f3 Bf5 31. Qxc6 Qxb3 32. Ng3 Qd1+ 33. Nf1 Rd8 34.
Qc7 Qe2 35. Qg3 Bd6 36. Qf2 Bh2+ 37. Nxh2 Qd1+ 38. Nf1 Rg8 39. f4 Qg4 40. Ng3
Qd1+ 41. Nf1 Be4 42. fxg5 Rxg5 43. g3 Nf3+ 44. Kh1 Nxd2+ 45. Kh2 Nxf1+ 46. Kh3
Qg4# 0-1

[Event "Challenge"]
[Site "http://www.queenalice.com/game.php?id=1814393"]
[Date "2023.6.20"]
[Round "-"]
[White "milan15fc"]
[Black "cyrano"]
[Result "0-1"]
[WhiteElo "1465"]
[BlackElo "1520"]

1. e3 e5 2. Qf3 c6 3. Bc4 d5 4. Be2 h5 5. Qg3 Qe7 6. b3 b5 7. Bb2 a5 8. Bxe5 f6
9. Bd6 Qxd6 10. Qxd6 Bxd6 11. Nf3 g5 12. Nd4 Be5 13. c3 g4 14. f4 Bd6 15. h3 g3
16. Bf3 h4 17. e4 c5 18. Nxb5 Bxf4 19. N1a3 Bb7 20. O-O-O dxe4 21. Bg4 Rh7 22.
Rhf1 Bg5 23. Nd6+ Kf8 24. Bf5 Re7 25. Rfe1 Ra6 26. Nxe4 Nh6 27. Bg6 f5 28. Bxf5
Nxf5 29. Nxg5 Rxe1 30. Rxe1 Rg6 31. Ne6+ Kf7 32. Nxc5 Bxg2 33. b4 Bxh3 34. bxa5
g2 35. Rg1 Ng3 36. Kd1 Bg4+ 37. Ke1 h3 38. Kf2 Ne4+ 39. Nxe4 Ke6 40. Kg3 Bf5+
41. Kh2 Bxe4 42. Kxh3 Nd7 43. a6 Ke5 44. Nb5 Rh6+ 45. Kg3 Rh1 46. Rxg2 Ra1 47.
Rh2 Rxa2 48. a7 Bc6 49. Rh5+ Ke4 50. d4 Nf6 51. Re5+ Kd3 52. Rc5 Ne4+ 53. Kf4
Nxc5 54. dxc5 Bxb5 55. Ke5 Rxa7 56. Kd5 Kxc3 57. c6 Rc7 58. Kc5 Bf1 59. Kb6 Rg7
60. c7 Bh3 61. Kb7 Kc4 62. Kb8 Rg8+ 63. Kb7 Rc8 64. Kc6 Kd4 65. Kd6 Ke4 66. Kc6
Ke5 67. Kb7 Kd6 68. Kb6 Rxc7 69. Kb5 Bg2 70. Kb4 Bf1 71. Kb3 Rc4 72. Kb2 Bd3 73.
Kb3 Kc5 74. Kb2 Kb4 75. Ka2 Rc2+ 76. Kb1 Kb3 77. Ka1 Ra2# 0-1

[Event "Challenge"]
[Site "http://www.queenalice.com/game.php?id=1814611"]
[Date "2023.6.22"]
[Round "-"]
[White "cyrano"]
[Black "crisvolei"]
[Result "1-0"]
[WhiteElo "1484"]
[BlackElo "1555"]

1. e4 e5 2. Qf3 Nh6 3. Bc4 c6 4. d3 d5 5. exd5 b5 6. Bb3 g5 7. dxc6 f5 8. Qh5+
Ke7 9. Qxg5+ Ke8 10. Qh5+ Ke7 11. Qg5+ Ke8 12. Qh5+ Ke7 13. Bg5+ Kd6 14. Bxd8
Nxc6 15. Qe8 Bd7 16. Bc7+ Kxc7 17. Qxa8 Bg7 18. Qxh8 Bxh8 19. Nc3 Nd4 20. Nd5+
Kb7 21. c3 Nxb3 22. axb3 a6 23. Nb4 Be6 24. Nxa6 Bd5 25. f3 Kb6 26. Nb4 Bb7 27.
Ne2 Nf7 28. O-O-O h5 29. d4 e4 30. d5 Nd6 31. Nf4 exf3 32. gxf3 h4 33. Rhg1 Be5
34. Ng6 Bxh2 35. Rg2 Bg3 36. Rh1 f4 37. Nxh4 Bxh4 38. Rxh4 Nf5 39. Rxf4 Ne3 40.
Rg6+ Kc5 41. d6 Bc8 42. Re4 Nd5 43. Rg5 Kxd6 44. Nxd5 Be6 45. Ne3 Bxb3 46. Rxb5
Be6 47. Nc4+ Bxc4 48. Rxc4 1-0

[Event "Challenge"]
[Site "http://www.queenalice.com/game.php?id=1814612"]
[Date "2023.6.22"]
[Round "-"]
[White "crisvolei"]
[Black "cyrano"]
[Result "0-1"]
[WhiteElo "1576"]
[BlackElo "1446"]

1. e4 e5 2. Nf3 f6 3. Bc4 c6 4. d3 b5 5. Bb3 a5 6. a4 b4 7. Qe2 g5 8. g4 h5 9.
h4 hxg4 10. Nfd2 d5 11. exd5 cxd5 12. d4 Bd6 13. h5 Nh6 14. O-O Ba6 15. c4 Nc6
16. Qe3 Nxd4 17. Ra2 Nhf5 18. Qe1 Nh4 19. f4 Rxh5 20. fxe5 fxe5 21. Qf2 Nhf3+
22. Nxf3 Nxf3+ 23. Kg2 Rh2+ 24. Kg3 e4+ 25. Kxg4 Rxf2 26. Rxf2 Ne5+ 27. Kh5 dxc4
28. Bc2 b3 29. Ra3 bxc2 30. Rxc2 Bxa3 31. Rd2 Qb6 32. Nxa3 Qg6# 0-1

[Event "Challenge"]
[Site "http://www.queenalice.com/game.php?id=1815408"]
[Date "2023.7.1"]
[Round "-"]
[White "milan15fc"]
[Black "cyrano"]
[Result "1-0"]
[WhiteElo "1470"]
[BlackElo "1499"]

1. e3 e5 2. Qf3 d5 3. Nc3 c6 4. Qg3 f6 5. d3 b5 6. f4 Nd7 7. fxe5 Nxe5 8. d4 Nc4
9. b3 Qa5 10. Bd2 Nxd2 11. Kxd2 Bb4 12. e4 Bxc3+ 13. Qxc3 Qb6 14. exd5 cxd5 15.
Qb4 a5 16. Qc3 Bd7 17. Re1+ Ne7 18. Ne2 Rc8 19. Qg3 Kf7 20. Nc3 Qxd4+ 21. Kc1
Rxc3 22. Bd3 Qc5 23. Kd2 b4 24. Re3 d4 25. Re2 Rc8 26. Bc4+ Nd5 27. Qf2 a4 28.
Re4 axb3 29. cxb3 Qa7 30. Rxd4 Qxa2+ 31. Ke1 Qa1+ 32. Rd1 Re3+ 33. Qxe3 Qc3+ 34.
Qxc3 bxc3 35. Bxd5+ Kg6 36. Be4+ f5 37. Bb7 Re8+ 38. Kf2 Bb5 39. Rc1 Re2+ 40.
Kg3 Re3+ 41. Kf4 Bd3 42. Kxe3 Bb5 43. Rxc3 Kg5 44. Rc5 Bd7 45. g3 g6 46. h4+ Kg4
47. Rc4+ Kxg3 48. Rc7 Be6 49. b4 f4+ 50. Ke2 f3+ 51. Bxf3 h5 52. b5 Bg4 53. Bxg4
hxg4 54. b6 Kg2 55. Rf1 Kh3 56. b7 Kxh4 57. b8=Q g3 58. Rc4+ Kh3 59. Rh1+ Kg2
60. Qb7# 1-0

[Event "Challenge"]
[Site "http://www.queenalice.com/game.php?id=1815409"]
[Date "2023.7.1"]
[Round "-"]
[White "milan15fc"]
[Black "cyrano"]
[Result "1-0"]
[WhiteElo "1451"]
[BlackElo "1518"]

1. e3 e5 2. Qf3 f6 3. Nc3 c6 4. d3 d5 5. Nge2 b5 6. d4 Bd6 7. dxe5 Bxe5 8. g3 h5
9. Qg2 b4 10. Na4 Qa5 11. f4 Qxa4 12. Ng1 Bf5 13. b3 Bc3+ 14. Bd2 Qa3 15. Bxc3
bxc3 16. Nf3 Qb2 17. Rd1 Bxc2 18. Rd4 Qc1+ 19. Kf2 Qb2 20. Kg1 Qc1 21. Qe2 Bd1
22. Rxd1 Qa3 23. Qc2 Qc5 24. Rd3 Na6 25. Rxc3 Qb5 26. Bxb5 Nb4 27. Qb2 cxb5 28.
Rc5 Nd3 29. Qc2 Nxc5 30. Qxc5 Rd8 31. Qxb5+ Kf7 32. Qa5 Rc8 33. Qxa7+ Ne7 34.
Kg2 Ra8 35. Qd4 Rxa2+ 36. Nd2 Nf5 37. Qxd5+ Kg6 38. Qd3 Rc8 39. Kh3 Rcc2 40. g4
hxg4+ 41. Kxg4 Rxd2 42. Qxf5+ Kf7 43. Kh5 Rg2 44. b4 Rxh2+ 45. Rxh2 Rxh2+ 46.
Kg4 Rg2+ 47. Kf3 Rb2 48. b5 g6 49. Qd5+ Kg7 50. Qc5 Kh6 51. b6 f5 52. Qc7 Rb3
53. b7 g5 54. b8=Q gxf4 55. Qxb3 fxe3 56. Qxe3+ Kg6 57. Qd6+ Kh5 58. Qdh6# 1-0

[Event "Challenge"]
[Site "http://www.queenalice.com/game.php?id=1815558"]
[Date "2023.7.4"]
[Round "-"]
[White "crisvolei"]
[Black "cyrano"]
[Result "1-0"]
[WhiteElo "1542"]
[BlackElo "1534"]

1. e4 e5 2. Qf3 c6 3. Bc4 Nf6 4. d4 Qa5+ 5. c3 exd4 6. Bd2 Qb6 7. b4 c5 8. e5
Be7 9. exf6 gxf6 10. Qh5 O-O 11. Bd3 Qe6+ 12. Ne2 f5 13. Bxf5 Qxf5 14. Qxf5 f6
15. Bh6 Kf7 16. Qxh7+ Ke6 17. Bxf8 Bxf8 18. Qg8+ Ke7 19. bxc5 d3 20. Nf4 Nc6 21.
Ng6+ Kd8 22. Qxf8+ Kc7 23. Qd6+ Kd8 24. Qxf6+ Kc7 25. Qd6+ Kd8 26. Nd2 b6 27.
O-O-O Bb7 28. cxb6 axb6 29. a3 Ra4 30. h4 b5 31. h5 Ba6 32. h6 b4 33. h7 Rxa3
34. h8=Q# 1-0

[Event "Challenge"]
[Site "http://www.queenalice.com/game.php?id=1815559"]
[Date "2023.7.4"]
[Round "-"]
[White "cyrano"]
[Black "crisvolei"]
[Result "1-0"]
[WhiteElo "1503"]
[BlackElo "1536"]

1. e4 e5 2. Bc4 Nh6 3. d3 c6 4. Qh5 g6 5. Qxe5+ Qe7 6. Qxh8 d5 7. Nd2 dxc4 8.
Nxc4 Ng4 9. h3 Nf6 10. Bg5 b5 11. Bxf6 Qe6 12. Bg7 Kd7 13. Bxf8 Na6 14. Ne5+ Kc7
15. Ngf3 h5 16. Ng5 Qe8 17. Qg7 Bb7 18. Ngxf7 Kb6 19. Nd6 Qxf8 20. Qxb7+ Ka5 21.
Qxc6 Rc8 22. Qxb5# 1-0

[Event "Challenge"]
[Site "http://www.queenalice.com/game.php?id=1816140"]
[Date "2023.7.11"]
[Round "-"]
[White "crisvolei"]
[Black "cyrano"]
[Result "1-0"]
[WhiteElo "1526"]
[BlackElo "1501"]

1. e4 e5 2. Qf3 f6 3. g4 g5 4. Bc4 c6 5. Nh3 b5 6. Bb3 a5 7. a4 bxa4 8. Rxa4 Bb4
9. Nxg5 Nh6 10. Nh3 d6 11. O-O Rg8 12. Bxg8 Nxg8 13. g5 Bd7 14. d4 fxg5 15. Bxg5
Qc8 16. Qh5+ Kf8 17. Qxh7 Bxh3 18. f3 Nd7 19. Rf2 Qa6 20. Qxh3 Qa7 21. c3 Nb6
22. Ra1 Qg7 23. Rg2 Kf7 24. cxb4 a4 25. Qf5+ Ke8 26. Qe6+ Kf8 27. Qxd6+ Ke8 28.
Qxc6+ Kf7 29. Qxb6 Qf8 30. Qb7+ Ne7 31. Bxe7 Qe8 32. Bh4+ Ke6 33. d5+ Kd6 34.
Qb6+ Kd7 35. Qc6# 1-0

[Event "Challenge"]
[Site "http://www.queenalice.com/game.php?id=1816141"]
[Date "2023.7.11"]
[Round "-"]
[White "cyrano"]
[Black "crisvolei"]
[Result "1-0"]
[WhiteElo "1482"]
[BlackElo "1545"]

1. e4 e5 2. f3 Bc5 3. Ne2 Qg5 4. h4 Qg6 5. g4 h5 6. Bh3 Na6 7. d3 d5 8. gxh5
Qxh5 9. Ng3 Qxh4 10. Bd7+ Bxd7 11. Rxh4 Rxh4 12. Qe2 O-O-O 13. Bg5 Rh8 14. Bxd8
Kxd8 15. Nc3 d4 16. Nd5 Ne7 17. Nxe7 Bxe7 18. c3 dxc3 19. bxc3 Ba3 20. Rb1 b5
21. Qe3 c5 22. Qg5+ f6 23. Qxg7 Re8 24. Qxf6+ Kc7 25. Qxa6 b4 26. Qxa7+ Kd6 27.
Nh5 Rg8 28. Nf6 Rg1+ 29. Kf2 Rg7 30. Ne8+ Ke6 31. Nxg7+ Ke7 32. Qxc5+ Kd8 33.
cxb4 1-0

[Event "Challenge"]
[Site "http://www.queenalice.com/game.php?id=1816188"]
[Date "2023.7.13"]
[Round "-"]
[White "milan15fc"]
[Black "cyrano"]
[Result "1-0"]
[WhiteElo "1499"]
[BlackElo "1438"]

1. e3 e5 2. Qh5 d6 3. Nc3 g6 4. Qf3 c6 5. d3 h5 6. d4 exd4 7. exd4 Qe7+ 8. Nge2
Bg4 9. Qd3 Bf5 10. Qd2 Bh6 11. Qd1 b5 12. Bxh6 Nxh6 13. d5 b4 14. Na4 Ng4 15. f3
Ne3 16. Qd4 Nxc2+ 17. Kf2 Nxd4 18. Nxd4 cxd5 19. Bb5+ Nd7 20. Rhe1 Be6 21. Bc6
Rc8 22. Bxd7+ Qxd7 23. b3 g5 24. Nf5 Kd8 25. Nd4 g4 26. fxg4 hxg4 27. Kg1 Rh4
28. g3 Rh7 29. Re2 f5 30. Nxe6+ Ke7 31. Nec5+ Kf6 32. Nxd7+ Kg5 33. Ndb6 axb6
34. Nxb6 Rch8 35. Nxd5 Rc8 36. h4+ Kg6 37. Ne7+ Kf6 38. Nxc8 f4 39. Nxd6 fxg3
40. Rf1+ Kg6 41. Re6+ Kh5 42. Kg2 Kxh4 43. Rh1+ Kg5 44. Rxh7 Kf4 45. Rf7+ Kg5
46. Rf5+ Kh4 47. Rh6# 1-0

[Event "Challenge"]
[Site "http://www.queenalice.com/game.php?id=1816189"]
[Date "2023.7.13"]
[Round "-"]
[White "milan15fc"]
[Black "cyrano"]
[Result "0-1"]
[WhiteElo "1476"]
[BlackElo "1467"]

1. e3 e5 2. Qh5 d6 3. Nc3 g6 4. Qf3 f5 5. Nd5 e4 6. Qe2 Be6 7. Nf4 Bd7 8. Qc4 c6
9. Qd4 Nf6 10. h3 c5 11. Qc3 Na6 12. Nd5 Bg7 13. Nxf6+ Bxf6 14. Qb3 Nb4 15. c3
Nd3+ 16. Bxd3 exd3 17. Qd5 Bc6 18. Qxd3 Bxg2 19. Rh2 Bc6 20. Ne2 Be5 21. Ng3 h5
22. h4 O-O 23. f4 Bf6 24. a3 a6 25. b4 Bb5 26. Qd5+ Rf7 27. a4 Bc6 28. Qd3 Qe7
29. Ba3 Bxa4 30. bxc5 dxc5 31. Qc4 Bb5 32. Qd5 Bxh4 33. Bxc5 Bxg3+ 34. Kd1 Bxh2
35. Bxe7 Re8 36. Bc5 Bc6 37. Qb3 Bf3+ 38. Kc2 Be4+ 39. Kb2 Rd8 40. d4 h4 41. Be7
Bd5 42. Qc2 Rxe7 43. Qxh2 Rh7 44. Qg1 Rd6 45. Ra5 h3 46. Qh2 Bc4 47. Ra4 Bd3 48.
c4 Rb6+ 49. Kc3 Bf1 50. Ra1 Rc6 51. Rxf1 b5 52. d5 Rc5 53. d6 Rxc4+ 0-1

[Event "Challenge"]
[Site "http://www.queenalice.com/game.php?id=1816190"]
[Date "2023.7.13"]
[Round "-"]
[White "milan15fc"]
[Black "cyrano"]
[Result "0-1"]
[WhiteElo "1460"]
[BlackElo "1483"]

1. e3 e5 2. Qh5 d6 3. Nc3 g6 4. Qf3 c6 5. d3 f5 6. e4 b5 7. exf5 Bxf5 8. g4 Be6
9. h4 d5 10. Bg5 Be7 11. Bxe7 Qxe7 12. Qg3 Nd7 13. Nf3 Qb4 14. O-O-O d4 15. Ne4
Bd5 16. a3 Qa4 17. Nxe5 Qa6 18. Nxd7 Bxe4 19. dxe4 Qc8 20. Qe5+ Kxd7 21. Qxh8 c5
22. Qg7+ Ne7 23. Qxh7 Qc6 24. f3 Rf8 25. Be2 a6 26. h5 g5 27. Qg7 Ke8 28. Qxg5
Kd8 29. h6 Rg8 30. Qe5 Ng6 31. Qg5+ Ne7 32. Qf4 Ng6 33. Qg5+ Ne7 34. Qf4 Ng6 35.
Qb8+ Qc8 36. Qxc8+ Kxc8 37. h7 Rh8 38. b4 cxb4 39. axb4 Kd7 40. Rxd4+ Ke6 41. c4
Nf4 42. Bd1 Ke5 43. Rd2 bxc4 44. Rc2 Nd3+ 45. Kb1 Nf4 46. Rxc4 Ne6 47. Rh5+ Kf4
48. Rc6 Ng5 49. Rxa6 Nxh7 50. b5 Rd8 51. Rd5 Rb8 52. b6 Nf6 0-1

[Event "Challenge"]
[Site "http://www.queenalice.com/game.php?id=1816789"]
[Date "2023.7.20"]
[Round "-"]
[White "Capixabba789"]
[Black "cyrano"]
[Result "1-0"]
[WhiteElo "1754"]
[BlackElo "1486"]

1. e4 e5 2. f4 exf4 3. Nf3 d5 4. exd5 Qxd5 5. d4 Qe4+ 6. Be2 b6 7. O-O c5 8.
Bb5+ Nd7 9. Re1 Qxe1+ 10. Qxe1+ Be7 11. Bc6 Rb8 12. Bxf4 Kd8 13. Bxd7 Rb7 14.
Bxc8 Kxc8 15. Ne5 Nf6 16. c3 Nd5 17. Nxf7 Rf8 18. Na3 Rxf7 19. Qe6+ Rd7 20. Qxf7
Bd8 21. Qf5 cxd4 22. Bg3 dxc3 23. Qe5 cxb2 24. Qb8# 1-0

[Event "Challenge"]
[Site "http://www.queenalice.com/game.php?id=1816990"]
[Date "2023.7.22"]
[Round "-"]
[White "crisvolei"]
[Black "cyrano"]
[Result "1-0"]
[WhiteElo "1572"]
[BlackElo "1470"]

1. e4 e5 2. Nc3 c6 3. d4 f6 4. Bc4 b5 5. Bf7+ Kxf7 6. dxe5 fxe5 7. Qf3+ Nf6 8.
Nh3 b4 9. Ng5+ Kg8 10. Ne2 Qb6 11. Qf5 h6 12. Nf3 Qa5 13. b3 Qc5 14. Nxe5 Qd6
15. Bb2 c5 16. Nf4 Qc7 17. Nfg6 Rh7 18. Nxf8 Kxf8 19. Ng6+ Kf7 20. e5 d6 21.
exd6 Bxf5 22. dxc7 Nc6 23. Nh4 Bxc2 24. O-O Rc8 25. Rac1 Nd4 26. Bxd4 cxd4 27.
Rxc2 Ne8 28. Nf5 Nxc7 29. Nd6+ Ke7 30. Nxc8+ Kd7 31. Nxa7 Nd5 32. Rd1 g5 33.
Rxd4 Ke6 34. Re2+ Kd6 35. Nc8+ Kc5 36. Rc4+ Kb5 37. Re5 Ka6 38. Rxd5 Kb7 39.
Nd6+ Kb6 40. Rb5+ Ka6 41. Rbxb4 Rd7 42. Rc6+ Ka5 43. Ra4# 1-0

[Event "Challenge"]
[Site "http://www.queenalice.com/game.php?id=1816991"]
[Date "2023.7.22"]
[Round "-"]
[White "cyrano"]
[Black "crisvolei"]
[Result "0-1"]
[WhiteElo "1449"]
[BlackElo "1569"]

1. e4 e5 2. h4 Qf6 3. f3 Bc5 4. Ne2 Nc6 5. g4 Qxf3 6. Rh2 d5 7. exd5 Nce7 8. d4
Bxd4 9. Nxd4 Qxd1+ 10. Kxd1 exd4 11. c4 dxc3 12. Nxc3 Bxg4+ 13. Kd2 O-O-O 14.
Rg2 h5 15. Ke1 f5 16. Bf4 Nf6 17. Bg5 Nexd5 18. Bxf6 gxf6 19. Rd2 Rhe8+ 20. Kf2
c6 21. Bg2 f4 22. Nxd5 cxd5 23. Rc1+ Kb8 24. Bxd5 a5 25. Rcc2 b5 26. Bf7 Rxd2+
27. Rxd2 Re3 28. Rd8+ Kc7 29. Rd5 Kc6 30. Rd2 Rh3 31. Bd5+ Kc5 32. Bg2 Rh2 33.
Kg1 Rxh4 34. a3 f5 35. Rd5+ Kc4 36. Rd6 Kb3 37. Rd2 f3 38. Bf1 f4 39. Bxb5 Rh3
40. Rd3+ Kxb2 41. a4 Rg3+ 42. Kf2 Rg2+ 43. Kf1 h4 44. Rb3+ Kxb3 45. Bc6 h3 46.
Bd5+ Kxa4 47. Bc6+ Kb4 48. Ke1 h2 0-1

[Event "Challenge"]
[Site "http://www.queenalice.com/game.php?id=1817323"]
[Date "2023.7.26"]
[Round "-"]
[White "AdilsonGomes"]
[Black "cyrano"]
[Result "1-0"]
[WhiteElo "1632"]
[BlackElo "1458"]

1. d4 d5 2. Bf4 f6 3. Nf3 Nd7 4. Nc3 c6 5. e3 g5 6. Bg3 h5 7. h3 Nh6 8. Bd3 f5
9. Nxg5 Qb6 10. b3 Qb4 11. Qd2 Nb6 12. O-O e6 13. Be5 Rg8 14. Nh7 Nf7 15. Nf6+
Ke7 16. Nxg8+ Kd7 17. Nf6+ Ke7 18. a3 Qa5 19. b4 Nc4 20. Bxc4 Qd8 21. Ng8+ Kd7
22. Nf6+ Ke7 23. Be2 Nxe5 24. dxe5 Bg7 25. Bxh5 Qh8 26. Qe2 Bxf6 27. exf6+ Qxf6
28. Na4 Bd7 29. Nc5 Rg8 30. Nxb7 Qg5 31. Qf3 Rh8 32. g4 Rxh5 33. Qg3 Rh4 34. f4
Qh6 35. Qg2 Rxh3 36. Rf3 fxg4 37. Rxh3 gxh3 38. Qg3 e5 39. Kh2 Bc8 40. Nc5 exf4
41. exf4 Kd6 42. f5+ Ke7 43. Re1+ Kf6 44. Qe5+ Kg5 45. Rg1+ Kh5 46. Qe8+ Kh4 47.
Qxc8 Qf4+ 48. Kh1 Qf3+ 49. Kh2 Qf2+ 50. Kh1 h2 51. Qh8# 1-0

[Event "Challenge"]
[Site "http://www.queenalice.com/game.php?id=1817324"]
[Date "2023.7.26"]
[Round "-"]
[White "cyrano"]
[Black "AdilsonGomes"]
[Result "0-1"]
[WhiteElo "1481"]
[BlackElo "1597"]

1. e4 b6 2. Qf3 Bb7 3. d4 e6 4. c4 Nf6 5. Bd3 d5 6. cxd5 exd5 7. e5 Nfd7 8. Qg4
Nc6 9. e6 Qe7 10. Ne2 fxe6 11. Bg5 Nf6 12. Qh4 O-O-O 13. Nf4 Qb4+ 14. Nd2 Qxb2
15. Rb1 Qxa2 16. Ke2 Nxd4+ 17. Ke3 Bc5 18. Nxe6 Nf5+ 19. Ke2 Nxh4 20. Bxh4 Rd6
21. Nxg7 Rg8 22. Nf5 Re6+ 23. Kf1 Qxd2 24. Bb5 Qc2 25. f3 Qxb1+ 26. Be1 Qxe1#
0-1

[Event "Challenge"]
[Site "http://www.queenalice.com/game.php?id=1819451"]
[Date "2023.8.24"]
[Round "-"]
[White "crisvolei"]
[Black "cyrano"]
[Result "1-0"]
[WhiteElo "1560"]
[BlackElo "1424"]

1. e4 e5 2. Nc3 f6 3. Bc4 a6 4. d3 b5 5. Bd5 c6 6. Bb3 Ne7 7. a4 Qa5 8. Bd2 b4
9. Nge2 d5 10. O-O bxc3 11. Bxc3 Qc7 12. a5 g5 13. f4 exf4 14. Bxf6 Rg8 15. exd5
Nxd5 16. Bxd5 Bc5+ 17. d4 Rf8 18. Bxg5 Bd6 19. Nxf4 Bxf4 20. Qe2+ Kd7 21. Qe6#
1-0

[Event "Challenge"]
[Site "http://www.queenalice.com/game.php?id=1819452"]
[Date "2023.8.24"]
[Round "-"]
[White "cyrano"]
[Black "crisvolei"]
[Result "0-1"]
[WhiteElo "1443"]
[BlackElo "1506"]

1. e4 e5 2. a4 a5 3. Bc4 Qf6 4. Nc3 c6 5. Nf3 Bc5 6. h4 Nh6 7. d3 Ng4 8. Bg5
Bxf2+ 9. Ke2 Qg6 10. Nxe5 Nxe5 11. Kxf2 d5 12. exd5 Bg4 13. Qd2 Qf5+ 14. Bf4
Nbd7 15. d4 Nxc4 16. Qe1+ Kd8 17. g3 Qxc2+ 18. Kf1 Nxb2 19. d6 Re8 20. Be3 Nd3
21. Qd2 Qxd2 22. Bxd2 h5 23. Bg5+ f6 24. Bd2 Bf3 25. Rh3 Re6 26. Rb1 Nb4 27. Bf4
Nc2 28. d5 cxd5 29. Rb2 Re1+ 30. Kf2 Bg4 31. Rxc2 Bxh3 32. Kxe1 Bf5 33. Rf2 Nc5
34. Rd2 Nd3+ 35. Kd1 d4 36. Nd5 Rc8 37. Ne7 Bg4+ 38. Re2 Bxe2+ 39. Kxe2 Nxf4+
40. gxf4 Rc3 41. Nf5 g6 42. Nxd4 Rc4 43. Ke3 Rxa4 44. Ne6+ Kd7 45. Nc5+ Kxd6 46.
Nxa4 b5 47. Nc3 b4 48. Ne4+ Ke6 49. Nc5+ Kf5 50. Kf3 g5 51. Nb3 a4 52. Nd4+ Kg6
53. Kg3 g4 54. Nc6 b3 55. Nd4 b2 56. f5+ Kh6 57. Ne2 b1=Q 58. Nc3 Qb3 59. Kf4
Qxc3 60. Ke4 Qe5+ 61. Kd3 Qxf5+ 62. Kc3 a3 63. Kb3 Qc5 64. Ka2 Qc1 65. Kb3 Qb2+
66. Kc4 a2 67. Kd5 a1=Q 68. Ke6 Qe5+ 69. Kf7 Qa7+ 70. Kg8 Qe8# 0-1

[Event "Challenge"]
[Site "http://www.queenalice.com/game.php?id=1819963"]
[Date "2023.8.31"]
[Round "-"]
[White "milan15fc"]
[Black "cyrano"]
[Result "0-1"]
[WhiteElo "1494"]
[BlackElo "1449"]

1. e3 d5 2. Qf3 c6 3. b3 g5 4. g3 h5 5. h4 g4 6. Qe2 e5 7. f3 Nf6 8. f4 Ne4 9.
Qd1 Nxg3 10. Rh2 Qf6 11. Rg2 exf4 0-1

[Event "Challenge"]
[Site "http://www.queenalice.com/game.php?id=1819964"]
[Date "2023.8.31"]
[Round "-"]
[White "milan15fc"]
[Black "cyrano"]
[Result "0-1"]
[WhiteElo "1513"]
[BlackElo "1430"]

1. e3 d5 2. Qf3 c6 3. Bd3 Nf6 4. Bf5 e6 5. Bd3 Nbd7 6. Qg3 h5 7. f4 g6 8. Nc3
Ng4 9. h3 Ngf6 10. Qh4 b5 0-1

[Event "Challenge"]
[Site "http://www.queenalice.com/game.php?id=1821117"]
[Date "2023.9.19"]
[Round "-"]
[White "Capixabba789"]
[Black "cyrano"]
[Result "0-1"]
[WhiteElo "1914"]
[BlackElo "1413"]

1. e4 e5 2. f4 exf4 3. Nf3 g5 4. Bc4 g4 5. O-O gxf3 6. Qxf3 Bc5+ 7. d4 Bxd4+ 8.
Kh1 Qf6 9. c3 Be5 10. Bxf4 d6 11. Qg3 Nd7 12. Na3 Ne7 13. Bxe5 Qxe5 14. Bxf7+
Kd8 15. Qe3 h6 16. Bh5 Qxh5 17. Nc4 Ne5 0-1